Hard FNAF Quiz - Statistics

General Stats
  • This quiz has been taken 606 times
  • The average score is 2 of 5
Answer Stats
Question Answer % Correct
What is the iconic line of FNAF 4s Crying Child Minigame when Physic Friend Fredbear is talking to Crying Child? I will put you back together
88%
In the opening conversation of Sister Location, what is the last word that is spoken? Afton
51%
What color does the button on the monitor change to when attemping to achieve the Insanity Ending in FNAF 6? Blue
39%
What color are Molten Freddys eyes? Color Changing
23%
If you add all of the tapes and coins and then multiply by the number of games, how many do you get? 256
22%
No matching quizzes found
Score Distribution
Percent of People with Each Score
Percentile by Number Answered
Your Score History
You have not taken this quiz